| Tag |
First Indicator |
Second Indicator |
Subfields |
| LEADER |
00000cam a2200000 i 4500 |
| 001 |
in00004804497 |
| 008 |
770803s1944 nyuf 000 0 eng |
| 005 |
20240807181320.8 |
| 010 |
|
|
|a 44008161
|
| 035 |
|
|
|a (OCoLC)ocm03158051
|
| 040 |
|
|
|a DLC
|b eng
|e rda
|c TOL
|d OCLCQ
|d OCLCG
|d STF
|d VVW
|d OCLCA
|d OCLCF
|d OCLCQ
|d OCLCO
|d OCL
|d VLB
|d OCL
|d NLC
|d OCLCQ
|d OCL
|d OCLCO
|d OCLCQ
|d OCLCL
|
| 016 |
|
|
|a (AMICUS)000008014600
|
| 019 |
|
|
|a 1145215257
|a 1153256772
|a 1166506371
|a 1224883180
|a 1231476121
|
| 029 |
1 |
|
|a NLC
|b 000008014600
|
| 029 |
1 |
|
|a NLGGC
|b 049685236
|
| 035 |
|
|
|a (OCoLC)03158051
|z (OCoLC)1145215257
|z (OCoLC)1153256772
|z (OCoLC)1166506371
|z (OCoLC)1224883180
|z (OCoLC)1231476121
|
| 043 |
|
|
|a e-uk---
|
| 050 |
0 |
0 |
|a D771
|b .B373 1944
|
| 082 |
0 |
4 |
|a 940.545
|
| 049 |
|
|
|a MAIN
|
| 100 |
1 |
|
|a Armstrong, Warren,
|d 1898-
|1 https://id.oclc.org/worldcat/entity/E39PCjBQvBPH6hKM6f6TXDhHyd
|0 http://id.loc.gov/authorities/names/n50008029,
|e author
|
| 245 |
1 |
0 |
|a Battle of the oceans :
|b the story of the British merchant marine /
|c by Warren Armstrong; with a foreword by Admiral Sir Sydney R. Fremantle.
|
| 264 |
|
1 |
|a New York,
|b Liveright Pub. Corporation
|c [1944]
|
| 300 |
|
|
|a xvii, [1] pages, 1 leaf, 21-336 pages
|b frontispiece, plates
|c 21 cm
|
| 336 |
|
|
|a text
|b txt
|2 rdacontent
|
| 337 |
|
|
|a unmediated
|b n
|2 rdamedia
|
| 338 |
|
|
|a volume
|b nc
|2 rdacarrier
|
| 505 |
0 |
|
|a Cease Fire, Uneasy Truce, Pattern for War, Action! -- Miserable, Inadequate Little Ships -- Pace Quickens -- Toward Victory -- Around Britain's Moat -- Atlantic Lifeline -- Across the World's Roof -- Somewhere South of the Line -- Tribute.
|
| 590 |
|
|
|b TAG Physical Holdings 2
|
| 650 |
|
0 |
|a World War, 1939-1945
|x Naval operations.
|0 http://id.loc.gov/authorities/subjects/sh85148450
|
| 650 |
|
6 |
|a Guerre mondiale, 1939-1945
|x Opérations navales.
|
| 650 |
|
7 |
|a Military operations, Naval.
|2 fast
|0 (OCoLC)fst01710244
|
| 647 |
|
7 |
|a World War
|d (1939-1945)
|2 fast
|0 (OCoLC)fst01180924
|1 https://id.oclc.org/worldcat/entity/E39Qhp4vBbhpRH9XvjbDFXtxhb
|
| 648 |
|
7 |
|a 1939-1945
|2 fast
|
| 758 |
|
|
|i has work:
|a Battle of the oceans (Text)
|1 https://id.oclc.org/worldcat/entity/E39PCGk9x9Hbpd4HhdCBYwVCjP
|4 https://id.oclc.org/worldcat/ontology/hasWork
|
| 776 |
0 |
8 |
|i Online version:
|a Armstrong, Warren, b. 1898.
|t Battle of the oceans.
|d New York, Liveright Pub. Corp. [1944]
|w (OCoLC)610400115
|
| 994 |
|
|
|a 92
|b TAG
|
| 852 |
|
|
|a TAG
|b TAGC
|c galv,stk
|h D771 .A748 1944
|t c.1
|
| 876 |
|
|
|p 33620001217039
|v unmediated -- volume
|
| 999 |
f |
f |
|s 116320bd-abfd-4b3d-b475-709762aa8b7f
|i 4b8bec11-79b9-4107-a6d3-638b8bb1db66
|t 0
|
| 952 |
f |
f |
|p normal
|a Texas A&M University
|b Galveston Campus
|c Jack K. Williams Library
|d Galveston Stacks
|t 0
|e D771 .A748 1944
|h Library of Congress classification
|i unmediated -- volume
|m 33620001217039
|
| 998 |
f |
f |
|a D771 .A748 1944
|t 0
|l Galveston Stacks
|